[Event "CAN-op"]
[Site "Sault Ste Marie"]
[Date "2017.07.13"]
[Round "6.2"]
[White "Hambleton, Aman"]
[Black "Vovk, Andrey"]
[Result "1-0"]
[WhiteElo "2522"]
[BlackElo "2630"]
[Annotator "John Upper"]
[PlyCount "87"]
[EventDate "2017.??.??"]
[EventType "swiss"]
[EventRounds "9"]
[EventCountry "CAN"]
[SourceTitle "Chess Canada Tactiosauru"]
[Source "CFC/John Upper"]
[SourceDate "2023.03.11"]
[SourceVersion "1"]
[SourceVersionDate "2023.03.11"]
[SourceQuality "1"]

1. e4 c5 2. Ne2 Nc6 3. Nbc3 Nf6 4. g3 d6 5. Bg2 g6 6. O-O Bg7 7. d4 cxd4 8.
Nxd4 Bd7 9. Nde2 O-O 10. h3 Ne5 11. a4 Qa5 12. b3 b5 13. Be3 bxa4 14. Nxa4 Qc7
15. c4 Rfb8 16. Ra3 Nc6 17. Nac3 a6 18. Qd2 Qc8 19. Kh2 Rb7 20. f4 Rab8 21. Qd1
Bg4 22. f5 Bxe2 23. Nxe2 Nd7 24. fxg6 hxg6 25. e5 Ndxe5 26. Nf4 a5 27. Nd5 a4
28. Rxa4 Rxb3 29. Bg5 {[%mdl 32832] [#]Critical Position What happens after 31.
..Rb1?} Bf8 {Black keeps a huge advantage after this, but it misses and
immediate KO:} (29... Rb1 $142 $1 {wins} 30. Bc1 (30. Qe2 R8b2 $19) (30. Qxb1
Rxb1 31. Rxb1 Qf5 $19 {Black's Q forks g5 and b1.}) 30... Bh6 31. Qc2 Bxc1 32.
Rxc1 R8b2 $1 33. Qxb1 (33. Qd1 Rxc1 34. Qxc1 Nf3+ $3 $19 {as in the mainline.})
33... Nf3+ $1 34. Kh1 Qxh3+ $1 35. Bxh3 Rh2#) 30. c5 dxc5 (30... Rb1 $142 $1)
31. Rh4 $1 {[#]  Critical Position What happens after 31...Rb1?} Rd3 $2 ({
Better is ...Qd7, but I'll leave it to you to figure out why.} 31... Rb1 {
doesn't win for Black anymore, but the refutation is not at all obvious:} 32.
Bf6 $8 {threatening mate on h8} (32. Qa4 $2 Rxf1 33. Bxf1 Nf3+ $19) (32. Qe2
Rxf1 33. Qxf1 Qf5 $19) 32... Bg7 $8 (32... Rxd1 $4 33. Rh8#) (32... exf6 $4 33.
Nxf6+ Kg7 34. Rh7#) 33. Bxg7 Rxd1 34. Nf6+ $8 Kxg7 $8 (34... exf6 35. Bxf6 {
and there's no defence to Rh8#.}) 35. Rh7+ Kf8 36. Rh8+ Kg7 37. Rh7+ $8 $11)
32. Qc1 $2 (32. Bf6 {draws, as in the variations above after 31...Rb1.}) 32...
Nd7 $4 (32... Rd4 $142 {to trade the Rh4 while also defending the 4th rank and
keeping the Ne5 where it defends f7.}) (32... Bg7 $142 33. Nxe7+ Nxe7 34. Bxe7
Qd7 35. Qxc5 Rd2 $19 {with a winning attack.}) 33. Qf4 $1 $18 Nce5 {[%mdl 192]
[#]Critical Position Does White have anything better than Bxe7?} 34. Nxe7+ $2 {
Another mistake in a head-spinning position.} (34. Bxe7 $5 Rxd5 $1 35. Bxd5 $16
) (34. Bf6 $3 $18 {this wins, but only if you see the follow up} Nxf6 (34...
Bg7 35. Nxe7+ $18) 35. Qxf6 $8 {would be a wonderful move to play against
anyone, but especially so against a 2600+ GM} Bg7 (35... exf6 36. Nxf6+ Kg7 37.
Rh7#) 36. Nxe7+ Kf8 37. Nxg6+ (37. Rh8+ {also forces mate.}) 37... Kg8 (37...
Nxg6 38. Qxf7#) 38. Rh8+ $1 Bxh8 39. Qxh8#) 34... Bxe7 35. Bxe7 Rb2 $2 {
This creates some terrific threats for Black, but if White can walk a
tightrope of only moves he'll end up with a winning position.} (35... Rd4 $1
$15) 36. Qh6 $8 {[#]  Critical Position What happens if ...Rxg2?} Rxg2+ $1 {
A good try, which forces White to play precisely.} 37. Kh1 $8 (37. Kxg2 $2 Qa8+
$8 38. Kh2 Qa2+ $8 39. Kh1 Qd5+ $8 40. Kh2 Rd2+ $19) 37... Rg1+ 38. Kxg1 $8 (
38. Rxg1 $4 Qb7+ 39. Rg2 (39. Kh2 Nf3+ $19) 39... Rd1+ 40. Kh2 Nf3#) 38...
Rxg3+ 39. Kh2 $1 Rxh3+ 40. Kxh3 $8 (40. Rxh3 $4 Ng4+ $19) 40... Nf6+ {That's a
check!} 41. Kg2 $1 {Five precise moves by the K -- and the time control
passed! -- and White is safe.} Nh5 (41... Qb7+ 42. Kg1 $18) 42. Bf6 $1 (42.
Rxh5 $4 Qg4+ $11) 42... Qc6+ 43. Kg1 $1 Nf3+ 44. Rxf3 $8 {Getting out of check
and defending the Bf6. Black has no more checks and no way to stop mate on h8
or g7.} 1-0

[Event "Barcelona Sants Open"]
[Site "Barcelona"]
[Date "2017.08.18"]
[Round "3"]
[White "Blomqvist, Erik"]
[Black "Kleinman, Michael"]
[Result "0-1"]
[WhiteElo "2526"]
[BlackElo "2340"]
[Annotator "Michael Kleinman"]
[PlyCount "58"]
[EventDate "2017.08.18"]
[EventType "swiss"]
[EventRounds "9"]
[EventCountry "ESP"]
[SourceTitle "Chess Canada Tactiosauru"]
[Source "CFC/John Upper"]
[SourceDate "2023.03.11"]
[SourceVersion "1"]
[SourceVersionDate "2023.03.11"]
[SourceQuality "1"]

{[%evp 0,58,28,24,87,71,51,47,113,71,105,81,111,98,113,81,60,47,44,29,21,16,13,
14,27,25,7,2,19,20,22,17,14,3,6,-2,-6,4,0,0,0,-35,-26,-24,-24,-25,-26,-60,-39,
-30,-51,-66,-74,-73,0,-382,-375,-1200,-1750,-29991,-29992]} 1. e4 c6 2. Nf3 d5
3. Nc3 a6 4. d4 Bg4 5. h3 Bh5 6. Bd3 e6 7. e5 c5 8. g4 Bg6 9. Bxg6 hxg6 10. Ne2
cxd4 {This move is important. If White is able to play c3, we would basically
transpose to Short-Khalifman (2001), where Short won a very nice game by
putting his king on g2, knight to f4, and advanced the h-pawn.} 11. Nexd4 Nc6
12. c3 Nge7 13. Kf1 Qc7 14. Kg2 Rc8 15. Be3 Nxd4 16. Bxd4 Nc6 17. Qe2 Nxd4 18.
cxd4 Be7 19. Qe3 Qb6 20. Rab1 Rc2 21. Qd3 Qc7 22. Qe3 Qb6 23. a4 $2 (23. Qd3
$142 $11) 23... Kd7 24. b3 Rhc8 25. Qf4 Qb4 (25... g5 $1 {would have basically
won on the spot.} 26. Qxf7 Rf8 27. Qg6 Rc3 $1 $19 {Somehow, I didn't consider
this move as I wanted to keep the rook on the second rank. I played ...Qb4 so
that ...Qc3 would be possible after 26. Qxf7.}) 26. h4 Re2 {[%mdl 32832] [#]
Critical Position Qxf7, Rhd1, or ....?} 27. Qxf7 $4 (27. Rhd1 $2 Re4 28. Qg3
Rc3 $19 {try to find a move for White.}) (27. Rhe1 $1 {is necessary, so that ..
.Re4 is not possible. Play might continue} Rxe1 28. Nxe1 Ke8 (28... Bxh4 $2 29.
g5 $16) 29. Nd3 Qb6 $15) 27... Rf8 28. Qxg6 Rxf2+ $8 {editor - Only move to
win, and what White must have missed. The Q and R will force mate.} 29. Kxf2
Qd2+ 0-1

[Event "Calgary Int."]
[Site "Calgary"]
[Date "2018.08.17"]
[Round "6.3"]
[White "Chiku-Ratte, Olivier-Kenta"]
[Black "Hambleton, Aman"]
[Result "0-1"]
[WhiteElo "2311"]
[BlackElo "2497"]
[Annotator "John Upper"]
[PlyCount "78"]
[EventDate "2018.08.14"]
[EventType "swiss"]
[EventRounds "9"]
[EventCountry "CAN"]
[SourceTitle "Chess Canada Tactiosauru"]
[Source "CFC/John Upper"]
[SourceDate "2023.03.11"]
[SourceVersion "1"]
[SourceVersionDate "2023.03.11"]
[SourceQuality "1"]

{[%evp 0,78,28,22,22,5,5,7,32,14,11,14,79,56,39,36,51,42,38,40,31,14,11,13,15,
8,7,21,18,37,36,36,14,-96,-93,-101,-90,-183,-164,-161,-191,-186,-207,-253,-259,
-253,-190,-190,-205,-245,-240,-308,-248,-295,-307,-304,-334,-330,-341,-330,
-341,-326,-342,-341,-341,-348,-359,-394,-408,-395,-451,-541,-529,-529,-512,
-546,-540,-862,-728,-1140,-1166]} 1. d4 Nf6 2. c4 e6 3. Nf3 b6 4. g3 Bb7 5. Bg2
g6 6. O-O Bg7 7. Nc3 Ne4 8. Nxe4 Bxe4 9. Bg5 f6 10. Bd2 O-O 11. Bc3 {[#] Black
could equalize with ...f6-f7!, but that's not legal.} f5 12. Rc1 Nc6 (12... d6
13. c5 $5) 13. d5 $1 Bxc3 14. Rxc3 exd5 15. cxd5 Nb4 (15... Ne7 16. Ng5 $16 (
16. d6 $16) 16... Bxg2 17. Kxg2 Nc8 18. Qc1 $16) 16. Qb3 $2 {[%mdl 32832]
Natural, but Black has a clever tactic to get the advantage. [#]  Critical
Position} (16. Rc4 $142 a5 (16... Nxd5 17. Rxe4 fxe4 18. Qxd5+ $18 {with check.
}) 17. a3 Na6 18. b4 $1 $16 {Black's N is on a bad circuit and his K is
exposed.}) 16... Nxd5 $8 $15 (16... Na6 17. d6+ Kh8 (17... Kg7 18. dxc7 Nxc7
19. Rd1 d5 20. Nd4 Bxg2 21. Rxc7+ $18) 18. dxc7 Nxc7 19. Ne5 Bxg2 20. Kxg2) 17.
Ne1 (17. Rd1 c6 $8 $17) (17. Ng5 $2 Qxg5 18. Bxe4 fxe4 $19 {and the Nd5 is
defended.}) (17. Nd2 {doesn't let the N attack d5, so} Bxg2 18. Kxg2 c6 $17)
17... Rf7 $8 $17 {Unpinning the N means ...Nxc3 is now a threat. Everything
else leaves White with a big edge.} (17... Bxg2 $2 18. Nxg2 c6 19. Ne3 $16 {
White gets the pawn back with a much safer K, more active pieces, and a better
structure.}) 18. f3 $6 {After this Black has to find a few "only moves", after
which White is objectively lost.} (18. Rc1 Bxg2 19. Nxg2 c6 $17) 18... Nxc3 $8
19. fxe4 Nxe2+ $8 20. Kh1 Nd4 21. Qc3 c5 $1 22. exf5 Rxf5 23. Rxf5 {[#]} gxf5
$8 {White can get the exchange back at any time, but he's two pawns down, so
that just transposes into a losing ending.} (23... Nxf5 $4 24. Bd5+ $8 Kf8 25.
Qh8+ Ke7 26. Qe5+ $11 {is a perpetual.}) 24. Bd5+ Kg7 25. Qe3 (25. Bxa8 Qxa8+
26. Kg1 Qe4 $19 {Black is up two pawns and has better pieces.}) 25... d6 26.
Nd3 (26. Bxa8 Qxa8+ 27. Kg1 Qe4 $19) 26... Rc8 27. Nf4 Qe8 28. Ne6+ Kh8 $1 (
28... Kf6 $4 29. Qg5+ Ke5 30. Qe3+ Kxd5 31. Nc7+ $13) (28... Nxe6 $19) 29. Qc3
Qb5 {Mate threat on f1.} 30. Bc4 Qc6+ 31. Kg1 Qe4 32. Ng5 Qe7 33. h4 Re8 34.
Kf2 d5 35. Bf1 f4 $1 36. gxf4 h6 $1 37. Nf3 Qe4 38. Bg2 Qxf4 39. Kf1 Re3 0-1

[Event "RA December Open"]
[Site "Ottawa"]
[Date "2018.12.07"]
[Round "1"]
[White "Upper, John"]
[Black "Sambuev, Bator"]
[Result "0-1"]
[WhiteElo "2212"]
[BlackElo "2569"]
[Annotator "John Upper"]
[PlyCount "58"]
[EventType "swiss"]
[EventRounds "5"]
[EventCountry "CAN"]
[SourceTitle "Chess Canada Tactiosauru"]
[Source "CFC/John Upper"]
[SourceDate "2023.03.11"]
[SourceVersion "1"]
[SourceVersionDate "2023.03.11"]
[SourceQuality "1"]

{[%evp 0,58,28,-22,-15,-15,-15,-29,66,7,50,51,45,10,-2,-5,-4,-4,-8,-18,-9,-18,
4,-12,10,0,11,-2,2,2,30,-1,25,9,10,-7,-6,-8,-5,-17,-24,-27,-18,-28,-18,-22,-23,
-40,-56,-396,-409,-407,-407,-407,-407,-448,-456,-460,-433,-448,-448]} 1. c4 e5
2. Nc3 Nc6 3. e3 g6 4. Nf3 Bg7 5. d4 d6 6. dxe5 Nxe5 7. Nxe5 Bxe5 8. Bd2 Ne7 9.
Be2 O-O 10. O-O Nf5 11. Rc1 c6 12. b3 Re8 13. g3 h5 14. Bf3 h4 {Black is
struggling manfully for complications, while White is blithely coasting within
sight of equality. This may or may not be a recommendation for White's opening.
} 15. Ne2 $11 hxg3 16. hxg3 Ng7 17. Nf4 (17. Kg2 $142 {preparing to use the
h-file, here or on any of the next few moves...}) 17... Ne6 18. Nxe6 Bxe6 19.
Bc3 Qf6 20. Bxe5 dxe5 21. Qe2 (21. Bg4 $142 $15) 21... a5 22. Rfd1 Kg7 23. Bg4
$2 Rh8 $1 {[%mdl 40960] [#]Critical Position White to play and lose.} 24. Kg2
$4 {Worse late rather than never.} (24. Bxe6 $142 Qxe6 25. e4 Qh3 26. Qf3 g5
27. Qg2 (27. Rd6 $2 Qh2+ 28. Kf1 Qh1+ 29. Ke2 Qxc1 30. Qf6+ Kg8 $19) 27... Qg4
28. f3 Qe6 $19 {Material is equal, but Black is ready to double on the h-file..
.} 29. Kf2 a4 $1 $19 {... or break in on the a-file.} (29... Rh3)) 24... Bxg4
25. Qxg4 Rh2+ $8 $19 26. Kxh2 Qxf2+ 27. Kh3 Rh8+ 28. Qh4 Rxh4+ 29. gxh4 Qxe3+ {
Whatever was going through my head during this game wass more like ear worms
and amyloid plaques than chess ideas.} 0-1

[Event "GAMMA Reykjavik Open"]
[Site "Reykjavik"]
[Date "2019.04.08"]
[Round "1.26"]
[White "Abrahams, Daniel"]
[Black "Kanarek, Marcel"]
[Result "1-0"]
[WhiteElo "2143"]
[BlackElo "2505"]
[Annotator "John Upper"]
[PlyCount "81"]
[EventDate "2019.??.??"]
[EventType "swiss"]
[EventRounds "9"]
[EventCountry "ISL"]
[SourceTitle "Chess Canada Tactiosauru"]
[Source "CFC/John Upper"]
[SourceDate "2023.03.11"]
[SourceVersion "1"]
[SourceVersionDate "2023.03.11"]
[SourceQuality "1"]

{[%evp 0,81,32,2,46,47,47,1,1,11,15,8,29,26,37,6,6,3,16,20,24,5,19,16,27,20,28,
16,34,30,50,74,67,-5,-7,-7,-2,-12,39,42,24,20,28,28,25,17,13,26,29,27,37,93,
103,46,96,109,155,141,148,84,155,72,73,72,85,88,81,88,88,90,659,717,1074,1410,
1564,1207,1299,1349,1401,1401,29993,29994,29997,29998]} 1. c4 g6 2. Nc3 Bg7 3.
g3 Nf6 4. Bg2 O-O 5. Nf3 d6 6. O-O c5 7. a3 Nc6 8. Rb1 a5 9. d3 Bd7 10. Bg5 h6
11. Bd2 Ne8 12. Ne1 Nc7 13. Nc2 a4 14. Ne3 Na5 15. Nxa4 Nxc4 16. dxc4 Bxa4 17.
Qc1 Bc6 18. Nd5 Bxd5 19. cxd5 h5 20. f4 Nb5 21. e3 Qd7 22. Qc2 Rfc8 23. f5 g5
24. Qd1 g4 25. h3 c4 26. hxg4 hxg4 27. Qxg4 c3 28. bxc3 Nxc3 29. Rb3 Ra4 30.
Qh5 Ne4 31. Bxe4 Rxe4 32. Rfb1 Qa4 33. Rxb7 Qxa3 34. Rb8 Rec4 {[%mdl 32848] [#]
Critical Position} 35. f6 $8 $18 {Threatening the B (obviously), and also
prying open the seventh rank.} exf6 (35... Bxf6 $2 36. Rxc8+ Rxc8 37. Qg4+ $18
{forks the K and R.}) 36. R1b7 $8 Qa1+ (36... R4c7 {defends f7 and c8, but not
for long: but because of the pins White can take either rook and still have a
double attack on f7!}) 37. Kf2 f5 {Defending the Bg7 from a1.} 38. Qxf7+ Kh8 {
[#]} 39. Rb1 $1 {Not the only winning move, bue very nice use of the whole
board: White threatens both the Q and Rh1, returning to its starting square
with mate.} Rxb8 40. Rxb8+ Kh7 41. Qxf5+ {With a discovered mate next.   This
was Daniel's second excellent start in Reykjavik: in 2014 he drew in round 1
with 2700 rated Li Chao. Eventually Daniel will get a Black in round 1 at
Reykjavik, but until then, he has a round 1 TPR there of 2802!} 1-0

[Event "CAN-ch"]
[Site "Kingston CAN"]
[Date "2019.04.21"]
[Round "6.1"]
[White "Noritsyn, Nikolay"]
[Black "Samsonkin, Artiom"]
[Result "1-0"]
[WhiteElo "2489"]
[BlackElo "2424"]
[Annotator "John Upper"]
[PlyCount "65"]
[EventDate "2019.04.18"]
[EventType "swiss"]
[EventRounds "9"]
[EventCountry "CAN"]
[SourceTitle "Chess Canada Tactiosauru"]
[Source "CFC/John Upper"]
[SourceDate "2023.03.11"]
[SourceVersion "1"]
[SourceVersionDate "2023.03.11"]
[SourceQuality "1"]

{[%evp 0,65,21,10,41,59,77,58,63,30,45,29,70,42,70,38,73,56,61,50,50,41,20,29,
32,32,37,32,53,22,9,25,35,49,35,39,39,39,32,42,42,53,64,0,-7,-19,-21,-173,9,15,
73,9,30,0,0,0,65,331,457,548,638,673,696,696,886,905,1040,1040]} 1. e4 c5 2.
Nf3 d6 3. d4 cxd4 4. Nxd4 Nf6 5. Nc3 a6 6. Be2 g6 7. g4 h5 8. g5 Nfd7 9. f4 Bg7
10. f5 Nc6 11. Be3 Nxd4 12. Bxd4 Be5 13. Qd2 b5 14. O-O-O Bb7 15. Rhf1 Qc7 16.
Kb1 Rc8 17. Bxe5 Nxe5 18. f6 b4 19. Nd5 Bxd5 20. exd5 O-O 21. Rc1 a5 22. Rf4 {
[#]A Very Sicilian middlegame: White is all over the kingside while Black has
play on the c-file and against White's mechanically isolated d5-pawn.  Can
White get enough play if Black goes ....Qb7 to follow up with ...Rc5 and ...
Rfc8.} Qb7 {This is a perfectly reasonable move -- c2 is well defended, so
Black gives up the battery while the Q keeps an eye on d5 (stopping Bd3) and
unblocks the Rc8 to allow ...Rc5 and ...Rfc8 -- but being on b7 leaves the Q
one move slower to get to the kingside...} (22... Rfe8 $142 $13) (22... Qb6
$142 $15) (22... Qd7 $142 $15 23. Bxh5 $2 gxh5 24. Qe2 Ng6 25. Qxh5 Nxf4 26.
Qh6 exf6 27. gxf6 Qg4 $19) (22... Qa7 $142 $17 {prepares ...Rc5 while keeping
the Q on a more active diagonal, guarding g1 in critical lines.} 23. Bxh5 $2
gxh5 24. Qe2 Ng6 25. Qxh5 {[#] Don't play the Sicilian if you don't enjoy this:
Analysis Diagram} Rxc2 $8 $19 (25... Nxf4 {Is the only other move that doesn't
lose:} 26. Qh6 exf6 27. gxf6 Ne6 $13 {can White play for zugzwang!?}) 26. Qh6 (
26. Rxc2 Nxf4 27. Qh6 exf6 28. gxf6 Qg1+ 29. Rc1 Qg6+ $19 {saving the K and
the N.}) 26... Rxc1+ 27. Kxc1 Qe3+ 28. Kd1 exf6 29. gxf6 Qg1+ {defends} (29...
Qd3+ $1 {attacks}) 30. Kd2 Nxf4 $19) 23. Bxh5 $1 {[%mdl 33088] White's
advanced pawns look menacing, but how to make progress without this? [#] 
Critical Position Black has an incredible defence after ...gxh5; can you find
it?} Rc5 $2 (23... gxh5 $1 {is critical, and shoud draw with best play, but it
is very very hard to see how Black can defend g7 against Qh5-h6, especially
since the normal ways to defend g7 (...Qf8 or ...Qg6, or eliminating the
f6-pawn) are clearly not possible. The key in several of these lines is that
Black can defend back along the g-file after exchanging pawns on f6.} 24. Qe2
Ng6 (24... Ng4 $2 25. h3 $18) 25. Qxh5 $8 (25. Rf5 $2 Qd7 $8 26. Rcf1 Qc7 {
hitting c2} 27. R1f2 (27. R5f2 {keeps c2 and the back rank defended, but} Qc4
$1 28. Qxh5 exf6 $8 29. gxf6 Qh4 $8 $19) 27... Rfe8 28. Qxh5 a4 29. Qh6 exf6
$19 {stops mate and threatens ...Re1.}) 25... Nxf4 26. Qh6 {Analysis Diagram 
[#]} Nh5 $8 {that this move -- which is the only way to prevent Qg7# -- could
do more than postpone mate by a move is probably the hardest part to see.} 27.
Qxh5 $8 Qxd5 28. Qh6 $8 (28. Rg1 Qd2 $19 {hits c2 and prevents g5-g6.}) 28...
exf6 $8 29. g6 $8 (29. gxf6 $4 Qg2 $19 {defends the whole g-file and wins.})
29... fxg6 30. Qxg6+ $11 {and White can and should force a draw.} Kh8 31. Qh6+
(31. Rg1 $4 Qg8 $19) 31... Kg8 32. Qg6+ $11 (32. Rg1+ $6 Kf7 33. Qg7+ Ke6 34.
Re1+ Qe5 $8 $15)) 24. Be2 $1 Qxd5 25. Qe3 $1 {[#]Materially, trading Black's
h-pawn for White's d-pawn is equal, but the open h-file and terrible
dark-squares around the Black K spell doom so long as White keeps the major
pieces on.} Qe6 (25... Nc6 26. Bd3 (26. Rg1 Qe6 27. Qf2 exf6 28. gxf6 Re8 (
28... Rc8 $2 29. Bg4 $16) 29. Rxg6+ fxg6 30. f7+ $14) 26... Qxg5 (26... Qe5 27.
Qg3 Qxg5 28. Rg4 Qxf6 29. Bxg6 $18) 27. Rg1 Re5 (27... Qh6 28. fxe7 Re8 29.
Bxg6 $18) 28. Qf2 Qh6 29. Rfg4 $18 {once again, threatening Bxg6.}) (25... Nc4
26. Bxc4 Rxc4 27. Rxc4 Qxc4 28. fxe7 $8 $19) (25... exf6 26. gxf6 Nd7 {
attacking f6} 27. Bg4 $8 Ne5 28. Bh3 $18 {and attack on the h-file.}) 26. Qg3
$1 exf6 27. gxf6 $8 Nc4 {So Black can defend the h-file with ...Rh5.} 28. Bd3 {
[#] There's no good defence to Bxg6.} Na3+ (28... Ne5 29. Qh4 $18) (28... Qe3
29. Bxc4 $18 {wins a piece.}) (28... g5 29. Qh4 $3 {mates with bonus style
points.}) 29. bxa3 bxa3 30. Bxg6 $1 Rb8+ 31. Ka1 Kf8 (31... Qe5+ 32. c3 Rxc3
33. Bh7+ {and mate next.}) 32. Bh7 Ke8 33. Re4 1-0

[Event "Quebec op"]
[Site "Longueuil"]
[Date "2019.07.23"]
[Round "5.16"]
[White "Guipi Bopala, Prince Eric jr"]
[Black "Saha, Ananda"]
[Result "0-1"]
[WhiteElo "1619"]
[BlackElo "2059"]
[Annotator "John Upper"]
[PlyCount "52"]
[EventDate "2019.07.20"]
[EventType "swiss"]
[EventRounds "9"]
[EventCountry "CAN"]
[SourceTitle "Chess Canada Tactiosauru"]
[Source "CFC/John Upper"]
[SourceDate "2023.03.11"]
[SourceVersion "1"]
[SourceVersionDate "2023.03.11"]
[SourceQuality "1"]

{[%evp 0,52,28,22,34,39,27,27,50,43,73,70,80,58,58,37,34,31,31,22,31,20,22,15,
14,-25,18,-7,6,12,22,-17,-22,-13,-24,-3,-21,-211,-291,-269,-196,-196,-192,-192,
-224,-213,-394,-379,-260,-773,-772,-773,-812,-933,-835]} 1. d4 e6 2. Bf4 Nf6 3.
e3 b6 4. Nf3 Nh5 5. Bg5 Be7 6. Bxe7 Qxe7 7. c3 Bb7 8. Bd3 f5 9. Nbd2 O-O 10.
O-O d6 11. e4 Nf4 12. Bc2 Nd7 13. exf5 exf5 14. Re1 Qf6 15. Nf1 g5 $1 16. Ne3
$2 g4 $1 17. Nd2 Qg5 18. Ndf1 {[%mdl 32832] [#] Critical Position} Bxg2 $1 {
Best.} ({Building up also works:} 18... Rae8 19. Qd2 Nf6 $19 {just more slowly.
}) 19. Bxf5 (19. Nxg2 $2 Nh3+ 20. Kh1 Nxf2+ $19) 19... Bf3 20. Qb3+ (20. Qc2
Nh3#) 20... Kh8 21. Ng3 (21. Bxd7 Nh3#) 21... Nf6 22. Bc2 Nh3+ 23. Kf1 Qf4 24.
Re2 Bxe2+ 25. Kxe2 Qxf2+ 26. Kd3 Nf4+ 0-1